| 000 | 00402nam a2200145Ia 4500 | ||
|---|---|---|---|
| 008 | 150128s9999 xx 000 0 und d | ||
| 020 | _a0671532103 | ||
| 050 |
_aCLA _bSt3d 1995 |
||
| 100 | _aStevenson, Robert Louis. | ||
| 245 | _aDr. Jekyll and Mr. Hyde / | ||
| 250 | _aRobert Louis Stevenson. | ||
| 260 |
_aNew York: _bPocket Books, _c1995. |
||
| 300 |
_a118 pages : _c18 cm. |
||
| 650 | _xFiction. | ||
| 999 |
_c278895 _d278895 |
||